[Event "Vrnjacka Banja"]
[Site "Vrnjacka Banja"]
[Date "1982.??.??"]
[Round "2"]
[White "Tosic, Miroslav"]
[Black "Velikov, Petar"]
[Result "0-1"]
[WhiteElo "2285"]
[BlackElo "2470"]

1.e4 c5 2.Nf3 e6 3.d4 cxd4 4.Nxd4 a6 5.Nc3 b5 6.Be2 Bb7 7.Bf3 b4 8.Nce2 Nf6
9.Ng3 Qc7 10.O-O Bd6 11.Re1 Nc6 12.Nxc6 Bxc6 13.Qd4 Be7 14.Bg5 h6 15.Bd2 Rb8
16.c4 bxc3 17.Bxc3 O-O 18.Qe3 Rfc8 19.Rac1 Qb7 20.Qf4 d5 21.h4 dxe4 22.Bxe4 Bxe4
23.Nxe4 Nd5 24.Qe5 Nxc3 25.Rxc3 Rxc3 26.bxc3 Bxh4 27.c4 Rd8 28.c5 Rd5 29.Qc3 Qc6
30.Rb1 f5 31.Qh3 Be7 32.Rb8+ Kh7 33.Ng3 Bxc5 34.Qh5 f4 35.Qf7 fxg3  0-1

[Event "Vrnjacka Banja"]
[Site "Vrnjacka Banja"]
[Date "1982.??.??"]
[Round "10"]
[White "Rogulj, Branko"]
[Black "Sahovic, Dragutin"]
[Result "1/2-1/2"]
[WhiteElo "2435"]
[BlackElo "2450"]

1.e4 c5 2.Nf3 e6 3.d4 cxd4 4.Nxd4 a6 5.Nc3 Qc7 6.Be3 Nf6 7.Bd3 b5 8.a4 b4
9.Nb1 Bb7 10.Nd2 d5  1/2-1/2

[Event "Vrnjacka Banja"]
[Site "Vrnjacka Banja"]
[Date "1982.??.??"]
[Round "11"]
[White "Jansa, Vlastimil"]
[Black "Velikov, Petar"]
[Result "0-1"]
[WhiteElo "2475"]
[BlackElo "2470"]

1.e4 c5 2.Nf3 e6 3.d4 cxd4 4.Nxd4 a6 5.Nc3 Qc7 6.Bd3 Nc6 7.Nxc6 bxc6 8.O-O d5
9.Re1 Bb7 10.Qf3 d4 11.Ne2 c5 12.c3 Bd6 13.cxd4 cxd4 14.Qh3 e5 15.Bd2 Ne7
16.f4 Nc6 17.Rac1 Qe7 18.Ng3 g6 19.f5 h5 20.Bc4 Nd8 21.Bd5 Rb8 22.Rf1 h4
23.Bb3 Qd7 24.Bg5 Bc6 25.Bf6 Rh6 26.Bxd8 Rxb3 27.axb3 Kxd8 28.Qg4 Be7 29.Ne2 Bb5
30.Rfd1 g5 31.Nxd4 exd4 32.e5 d3 33.Qe4 Ke8 34.f6 Bd8 35.h3 Rg6 36.Kh1 g4
37.hxg4 Qxg4 38.Qxg4 Rxg4 39.Kh2 Kd7 40.Rc5 Rd4  0-1

[Event "DDR-BUL"]
[Site "Zinnowitz"]
[Date "1982.??.??"]
[Round "1"]
[White "Vogt, Lothar"]
[Black "Velikov, Petar"]
[Result "1/2-1/2"]
[WhiteElo "2490"]
[BlackElo "2485"]

1.e4 c5 2.Nf3 e6 3.d4 cxd4 4.Nxd4 a6 5.Nc3 Qc7 6.g3 Nc6 7.Bg2 d6 8.O-O Bd7
9.Nxc6 Bxc6 10.a4 Nf6 11.Be3 Be7 12.a5 Nd7 13.Na4 O-O 14.Nb6 Rae8 15.c4 Nc5
16.f3 Nd7 17.b4 Nxb6 18.Bxb6 Qd7 19.Bh3 f5 20.exf5 exf5 21.Qb3 Kh8 22.Rab1 Qe6
23.b5 axb5 24.cxb5 Bd5 25.Qb2 Bf6 26.Bd4 Bc4 27.Rf2 d5 28.Bf1 h6 29.Bxf6 Rxf6
30.Qd4 Ra8 31.Bxc4 dxc4 32.f4 Rf7 33.Qc3 Re7 34.Rd1  1/2-1/2

[Event "Valby SK"]
[Site "Valby"]
[Date "1983.05.13"]
[Round "2"]
[White "Horvath, Tamas"]
[Black "Cramling, Pia"]
[Result "1/2-1/2"]
[WhiteElo "2410"]
[BlackElo "2355"]

1.e4 c5 2.Nf3 e6 3.Nc3 a6 4.d4 cxd4 5.Nxd4 Nc6 6.Bf4 d6 7.Bg3 Nf6 8.Be2 Be7
9.O-O O-O 10.a3 Qc7 11.Kh1 Rd8 12.Qd2 Bd7 13.Rad1 Be8 14.Qe3 b5 15.Rd2 Ne5
16.f4 Nc4 17.Bxc4 bxc4 18.e5 dxe5 19.fxe5 Nd5 20.Nxd5 Rxd5 21.Nf5 Rxd2 22.Nxe7+ Qxe7
23.Qxd2 Rd8 24.Qf4 Qc5 25.h3 Rd4 26.Qe3 Qd5 27.Kh2 Rd2 28.Rf2  1/2-1/2

[Event "Buenos Aires-B+"]
[Site "Buenos Aires"]
[Date "1983.??.??"]
[Round "2"]
[White "Cuasnicu, Oscar"]
[Black "Giardelli, Sergio C"]
[Result "0-1"]
[WhiteElo "2390"]
[BlackElo "2430"]

1.e4 c5 2.Nf3 e6 3.Nc3 a6 4.d4 cxd4 5.Nxd4 Qc7 6.g3 d6 7.Bg2 Bd7 8.O-O Nc6
9.Re1 Be7 10.h3 Nf6 11.g4 h6 12.Nde2 b5 13.a3 Rc8 14.Nf4 Ne5 15.Nd3 a5 16.Qe2 Qb8
17.f4 Ng6 18.Nd1 Bc6 19.N1f2 Qa8 20.Bh1 Nd7 21.Bd2 O-O 22.f5 Nge5 23.Nf4 Bh4
24.Rf1 Rce8 25.fxe6 fxe6 26.N2d3 Nc4 27.Be1 Bg5 28.Bg3 e5 29.Nd5 Rxf1+ 30.Rxf1 Bxd5
31.exd5 Nf6 32.b3 Ne3 33.Re1 Qc8 34.h4 Bf4 35.Bxf4 exf4 36.Qf3 Qxc2 37.Nxf4 Nfxg4
38.Bg2 Rf8 39.Rxe3 Qc1+  0-1

[Event "Buenos Aires"]
[Site "Buenos Aires"]
[Date "1983.??.??"]
[Round "7"]
[White "Hase, Juan C"]
[Black "Szmetan, Jorge"]
[Result "1-0"]
[WhiteElo "2415"]
[BlackElo "2385"]

1.e4 c5 2.Nf3 e6 3.Nc3 a6 4.d4 cxd4 5.Nxd4 Qc7 6.g3 Nf6 7.Bg2 Be7 8.O-O O-O
9.Re1 d6 10.a4 Nc6 11.Nb3 b6 12.f4 Rb8 13.g4 b5 14.axb5 axb5 15.g5 Nd7 16.Ne2 Rd8
17.Nbd4 Nxd4 18.Nxd4 Bf8 19.Qe2 e5 20.Nf5 Bb7 21.Ng3 b4 22.f5 g6 23.Rf1 Rbc8
24.Rf2 Ra8 25.Rb1 Nc5 26.Be3 b3 27.cxb3 Nxb3 28.Qd1 Qc4 29.Bf1 Qb4 30.Qf3 Rd7
31.Bh3 Rc7 32.Rbf1 Nc5 33.Bg2 Ra4 34.Rc1 Rd7 35.Bxc5 dxc5 36.Bh3 Rc7 37.fxg6 hxg6
38.Be6 Bxe4 39.Bxf7+ Kh7 40.Bg8+ Kh8 41.Qxf8 Ra8 42.Qd6  1-0

[Event "Capablanca mem-B"]
[Site "Cienfuegos"]
[Date "1983.??.??"]
[Round "?"]
[White "Garcia Gonzales, Guillermo"]
[Black "Lebredo, Gerardo"]
[Result "1/2-1/2"]
[WhiteElo "2515"]
[BlackElo "2350"]

1.e4 c5 2.Nf3 e6 3.Nc3 a6 4.d4 cxd4 5.Nxd4 Nc6 6.Be2 Nge7 7.Nb3 Ng6 8.O-O Be7
9.Be3 O-O 10.f4 b5 11.Qd2 d6 12.a3 Rb8 13.g3 Qc7 14.Bf3 Rd8 15.Nd4 Bb7 16.Nxc6 Bxc6
17.h4 d5 18.exd5 Bf6 19.Rad1 Ne7 20.d6 Qb7 21.Qg2 Bxf3 22.Qxf3 Qxf3 23.Rxf3 Bxc3
24.bxc3 Nd5 25.f5  1/2-1/2

[Event "Copenhagen"]
[Site "Copenhagen"]
[Date "1983.??.??"]
[Round "1"]
[White "Iskov, Gert"]
[Black "Kristiansen, Jens"]
[Result "0-1"]
[WhiteElo "2365"]
[BlackElo "2430"]

1.e4 c5 2.Nf3 e6 3.Nc3 a6 4.d4 cxd4 5.Nxd4 Ne7 6.g3 Nec6 7.Bg2 Nxd4 8.Qxd4 Nc6
9.Qd1 Be7 10.O-O O-O 11.Be3 Rb8 12.f4 d6 13.Qe2 Qc7 14.Rad1 b5 15.g4 Na5
16.Rd3 b4 17.Nd1 Bd7 18.g5 Bb5 19.f5 Rfe8 20.fxe6 fxe6 21.Qg4 Qxc2 22.Bd4 e5
23.Qe6+ Kh8 24.Rh3 Qc8 25.Qf7 Bxf1 26.Rxh7+ Kxh7 27.Qh5+ Kg8 28.g6 Bf6 29.Ne3 Bxg2
30.Kxg2 Qe6  0-1

[Event "Politicen Cup"]
[Site "Copenhagen"]
[Date "1983.??.??"]
[Round "5"]
[White "Kudrin, Sergey"]
[Black "Hamann, Svend"]
[Result "1/2-1/2"]
[WhiteElo "2510"]
[BlackElo "2435"]

1.e4 c5 2.Nf3 e6 3.d4 cxd4 4.Nxd4 a6 5.Nc3 Qc7 6.g3 d6 7.Bg2 Nc6 8.O-O Be7
9.Re1 Nxd4 10.Qxd4 Nf6 11.a4 O-O 12.a5 Bd7 13.Qd1 Rac8 14.Be3 Rfe8 15.Bb6 Qb8
16.Bd4 Bc6 17.Na4 e5 18.Bc3 Nd7 19.Qd2 Nc5 20.Nb6 Rcd8 21.Nd5 Na4 22.Bb4 Bf8
23.b3 Nc5 24.Rad1 Bd7 25.h3 Ne6 26.f4 exf4 27.gxf4 Nc7 28.Nb6 Bc6 29.Qf2 Na8
30.Nd5 Nc7 31.Nb6 Na8 32.Nc4 d5 33.Bxf8 dxc4 34.Rxd8 Qxd8 35.Bb4 cxb3 36.cxb3 Nc7
37.Kh2 Nb5 38.e5  1/2-1/2

[Event "DDR-ch 32th"]
[Site "Cottbus"]
[Date "1983.??.??"]
[Round "?"]
[White "Vogt, Lothar"]
[Black "Boensch, Uwe"]
[Result "1-0"]
[WhiteElo "2510"]
[BlackElo "2450"]

1.e4 c5 2.Nf3 e6 3.d4 cxd4 4.Nxd4 a6 5.Nc3 b5 6.Bd3 Bb7 7.O-O d6 8.a4 b4
9.Na2 Nf6 10.Qe2 d5 11.e5 Ne4 12.c3 Nd7 13.Bf4 bxc3 14.Nxc3 Ndc5 15.Bc2 Qb6
16.a5 Qb4 17.Be3 Be7 18.Na2 Qxb2 19.Rfb1 Qa3 20.Nb3 Rc8 21.Bc1 Qxa2 22.Rxa2 Nc3
23.Qe1 Nxa2 24.Nxc5 Rxc5 25.Ba4+ Bc6 26.Ba3 Rc4 27.Bxc6+ Rxc6 28.Rb8+ Bd8
29.Qb1  1-0

[Event "Frunze"]
[Site "Frunze"]
[Date "1983.??.??"]
[Round "?"]
[White "Wittmann, Walter"]
[Black "Velikov, Petar"]
[Result "1/2-1/2"]
[WhiteElo "2435"]
[BlackElo "2475"]

1.e4 c5 2.Nc3 e6 3.Nf3 a6 4.d4 cxd4 5.Nxd4 b5 6.Bd3 Bb7 7.O-O Ne7 8.Qh5 Nbc6
9.Nf3 Ng6 10.a4 b4 11.Ne2 Qa5 12.Qh3 Be7 13.Nd2 Nge5 14.f4 Nxd3 15.cxd3 O-O
16.Nc4 Qc7 17.f5 exf5 18.Rxf5 d6 19.Qg3 Ne5 20.Bh6 Ng6 21.Be3 Rae8 22.Raf1 Qd8
23.Nf4  1/2-1/2

[Event "Gjovik"]
[Site "Gjovik"]
[Date "1983.??.??"]
[Round "?"]
[White "Helmers, Knut J"]
[Black "Agdestein, Simen"]
[Result "0-1"]
[WhiteElo "2465"]
[BlackElo "2400"]

1.Nf3 c5 2.e4 e6 3.d4 cxd4 4.Nxd4 a6 5.Nc3 Nc6 6.Be2 Nge7 7.O-O Nxd4 8.Qxd4 Nc6
9.Qd3 Qc7 10.Be3 Be7 11.Qd2 Rb8 12.Rad1 d6 13.Bf4 Ne5 14.Bg5 Bxg5 15.Qxg5 O-O
16.Qd2 Rd8 17.f4 Ng6 18.Kh1 Ne7 19.Bd3 f6 20.Qe2 b5 21.Qh5 Qc6 22.e5 f5 23.exd6 Ng6
24.Qf3 Qxf3 25.Rxf3 Bb7 26.Rf2 Rxd6 27.Kg1 Rbd8 28.Re1 Kf7 29.a3 Kf6 30.g3 Ne7
31.Rfe2 Nc6 32.Re3 h6 33.Kf2 g5 34.Ne2 Ne7 35.Nc3 Ng6 36.Ne2 e5  0-1

[Event "Hastings8384"]
[Site "Hastings"]
[Date "1983.??.??"]
[Round "3"]
[White "Gurevich, Dmitry"]
[Black "Kudrin, Sergey"]
[Result "1/2-1/2"]
[WhiteElo "2510"]
[BlackElo "2510"]

1.e4 c5 2.Nf3 e6 3.d4 cxd4 4.Nxd4 a6 5.Nc3 Nc6 6.g3 Nge7 7.Bg2 Nxd4 8.Qxd4 Nc6
9.Qd3 b5 10.O-O Bb7 11.b3 Be7 12.Bb2 O-O 13.Rad1 d6 14.Ne2  1/2-1/2

[Event "Poutiainen mem"]
[Site "Helsinki"]
[Date "1983.??.??"]
[Round "?"]
[White "Maki, Veijo"]
[Black "Farago, Ivan"]
[Result "1/2-1/2"]
[WhiteElo "2370"]
[BlackElo "2495"]

1.e4 c5 2.Nf3 e6 3.d4 cxd4 4.Nxd4 a6 5.Nc3 Qc7 6.Be2 Nc6 7.Be3 Nf6 8.O-O Ne5
9.h3 b5 10.f4 Nc4 11.Bxc4 Qxc4 12.Qd3 Bb7 13.a4 Qxd3 14.cxd3 b4 15.Nb1 Rc8  1/2-1/2

[Event "URS-ch U26"]
[Site "Jurmala"]
[Date "1983.??.??"]
[Round "?"]
[White "Lanka, Zigurds"]
[Black "Zaichik, Gennadi"]
[Result "1-0"]
[WhiteElo "2365"]
[BlackElo "2480"]

1.e4 c5 2.Nf3 e6 3.d4 cxd4 4.Nxd4 a6 5.Nc3 Nc6 6.g3 d6 7.Bg2 Bd7 8.Nxc6 Bxc6
9.Qe2 Be7 10.Bf4 Qc7 11.O-O-O Nf6 12.Rhe1 O-O 13.Rd2 Nd7 14.Nd5 Bxd5 15.exd5 e5
16.Kb1 f5 17.Be3 Bf6 18.f3 Nb6 19.Bxb6 Qxb6 20.Rd3 Qb5 21.Qd2 Qd7 22.Rb3 Rac8
23.Bf1 Rc5 24.c4 Rfc8 25.h3 b5 26.cxb5 axb5 27.a3 Kh8 28.Rd1 e4 29.fxe4 fxe4
30.Qf4 Re8 31.Be2 Re5 32.Rb4 Qe8 33.h4 h6 34.Qe3 Bd8 35.Qb3 e3 36.Rxb5 Rxb5
37.Qxb5 Qg6+ 38.Ka2 Bf6 39.Rc1 Re8 40.Bd3 Qh5 41.Bf5 Rf8 42.Qd7 Qe2 43.Rc2 Qa6
44.Qc6 Qa7 45.Qc4 Be5 46.Bd3 Bxg3 47.Qg4 Be5 48.Rc8 Kg8 49.Bh7+ Kxh7 50.Rxf8 g6
51.Qe4 Qb7 52.b4 e2 53.h5 Kg7 54.Rf2 Qxd5+ 55.Qxd5 e1=Q 56.Qf7+  1-0

[Event "Lvov"]
[Site "Lvov"]
[Date "1983.??.??"]
[Round "?"]
[White "Kholmov, Ratmir D"]
[Black "Donchev, Dimitar I"]
[Result "1/2-1/2"]
[WhiteElo "2480"]
[BlackElo "2450"]

1.e4 c5 2.Nf3 e6 3.Nc3 a6 4.d4 cxd4 5.Nxd4 b5 6.Bd3 Ne7 7.O-O Nec6 8.Nb3 d6
9.f4 Nd7 10.Be3 Be7 11.a4 b4 12.Ne2 O-O 13.Qd2 e5 14.fxe5 Ndxe5 15.Nf4 Be6
16.Nxe6 fxe6 17.Rxf8+ Bxf8 18.Nd4 Nxd4 19.Bxd4 Nxd3 20.Qxd3 d5 21.Rd1 dxe4
22.Qxe4 Qd5 23.Qxd5 exd5 24.Kf1 Rc8 25.c3 bxc3 26.Bxc3 Rc4 27.Rd4 Kf7 28.Ke2 Ke6
29.Kd3 Rc7 30.Rf4 Bd6 31.Rh4 g6 32.Rh3 Bf4 33.Rf3 Bd6 34.h3 Rc4 35.Re3+ Kd7
36.b3 Rc8 37.Rf3 Ke6 38.Rf6+ Ke7 39.Rf2 Rb8 40.Rb2 Ke6 41.b4 Rc8 42.b5 axb5
43.Rxb5 Rc4 44.a5 Ra4 45.Rb6 d4 46.Bxd4 Rxa5 47.Bc3 Ra4  1/2-1/2

[Event "New York"]
[Site "New York"]
[Date "1983.??.??"]
[Round "3"]
[White "Kudrin, Sergey"]
[Black "Quinteros, Miguel A"]
[Result "1/2-1/2"]
[WhiteElo "2505"]
[BlackElo "2515"]

1.e4 c5 2.Nf3 e6 3.d4 cxd4 4.Nxd4 a6 5.Nc3 Qc7 6.g3 b5 7.Bg2 Bb7 8.O-O Nc6
9.Re1 Ne5 10.Bf4 d6 11.a4 bxa4 12.Nxa4 Nf6 13.b3 Be7 14.Bc1 O-O 15.c4 Rab8
16.Ba3 Rfd8 17.h3 Nc6 18.Re3 Nxd4 19.Qxd4 Bc6 20.Bb2 Ne8 21.Qd1 Qb7 22.Qe2 Bf6
23.Kh2 Bxb2 24.Qxb2 Qb4 25.Qe2 Nc7 26.e5 Bxg2 27.exd6 Rxd6 28.Kxg2 Rd2  1/2-1/2

[Event "Nordic-tt"]
[Site "Oslo"]
[Date "1983.??.??"]
[Round "?"]
[White "Schneider, Lars Ake"]
[Black "Adamski, Jan"]
[Result "0-1"]
[WhiteElo "2445"]
[BlackElo "2450"]

1.e4 c5 2.Nf3 e6 3.d4 cxd4 4.Nxd4 a6 5.Nc3 d6 6.f4 b5 7.Bd3 Bb7 8.O-O Nf6
9.Qe2 Be7 10.Nf3 Nbd7 11.Kh1 Nc5 12.b4 Nxd3 13.cxd3 Rc8 14.Bd2 Nd7 15.Rac1 O-O
16.Be3 Bf6 17.Bd4 e5 18.fxe5 Nxe5 19.Nxe5 Bxe5 20.Qe3 Qe7 21.Nd5 Bxd5 22.exd5 Rce8
23.h3 Qh4 24.Bxe5 Rxe5 25.Qa7 g6 26.a3 Re2 27.Qxa6 Qg5 28.Rg1 Qxd5 29.Qc6 Qxd3
30.Rc3 Qd4 31.Rf3 Qe5 32.Rd3 Re3 33.Rd5 Qe4 34.Kh2 Qf4+ 35.Kh1 Qe4 36.Kh2 Rd3  0-1

[Event "ARG-ch U26"]
[Site "Pehuaj"]
[Date "1983.??.??"]
[Round "?"]
[White "Garbarino, Rodolfo"]
[Black "Mahia, Gustavo"]
[Result "0-1"]
[WhiteElo "2315"]
[BlackElo "2245"]

1.e4 c5 2.Nf3 e6 3.d4 cxd4 4.Nxd4 a6 5.Nc3 Qc7 6.g3 Nf6 7.Bg2 Be7 8.O-O O-O
9.Re1 d6 10.a4 Nc6 11.Nb3 b6 12.h3 Bb7 13.Be3 Rac8 14.Qe2 Nb4 15.a5 b5 16.Bb6 Qb8
17.f4 Rc4 18.Rad1 Rfc8 19.Nd2 Rxc3 20.bxc3 Rxc3 21.Nb1 Rxg3 22.Kh2 Rg6 23.Bf3 d5
24.e5 Nd7 25.Bh5 Rh6 26.Bd4 f6 27.Rg1 fxe5 28.fxe5 Bf6 29.Rde1 Nc6 30.c3 Bxe5+
31.Kh1 Nxd4 32.cxd4 Bxd4 33.Rgf1 Be5 34.Bf7+ Kh8 35.Qg4 d4+ 36.Kg1 Bh2+ 37.Kf2 Ne5
38.Qxd4 Rf6+  0-1

[Event "BUL-ch"]
[Site "Pernik"]
[Date "1983.??.??"]
[Round "6"]
[White "Kolev, Atanas"]
[Black "Velikov, Petar"]
[Result "1/2-1/2"]
[WhiteElo "2200"]
[BlackElo "2460"]

1.e4 c5 2.Nf3 e6 3.d4 cxd4 4.Nxd4 a6 5.Nc3 Qc7 6.Be2 Nf6 7.O-O d6 8.a4 Nc6
9.Be3 Be7 10.Nb3 b6 11.f4 O-O 12.Bf3 Rb8 13.g4 Re8 14.g5 Nd7 15.Bg2 Na5 16.Kh1 Nc4
17.Bc1 b5 18.axb5 axb5 19.Nd4 b4 20.Nce2 Nc5 21.b3 Nb6 22.Ng3 g6 23.Bb2 Bf8
24.Nf3 Nbd7 25.Nd2 Ba6 26.Rf2 Rb6 27.Ndf1 Qd8 28.Ne3 Rb8 29.h4 h6 30.Ng4 Bb7
31.Qd2 h5 32.Ne3 f6 33.f5 fxg5 34.fxg6 gxh4 35.Nxh5 Nxe4 36.Bxe4 Bxe4+ 37.Kh2 Qg5
38.Nf6+ Nxf6 39.Rg1 Qh5 40.Bxf6 Bh6 41.Qd4 d5 42.Ng4 Rb7 43.Be5 Bg5 44.Bf4 e5
45.Bxg5 Qxg4 46.Rxg4 exd4 47.Bf6 Re6 48.g7 Rf7 49.Bxd4 Rxf2+ 50.Bxf2 Rg6
51.Rxg6 Bxg6 52.Bxh4  1/2-1/2

[Event "BUL-ch"]
[Site "Pernik"]
[Date "1983.??.??"]
[Round "11"]
[White "Donchev, Dimitar I"]
[Black "Popov, Luben"]
[Result "1/2-1/2"]
[WhiteElo "2455"]
[BlackElo "2420"]

1.Nf3 c5 2.e4 e6 3.Nc3 a6 4.d4 cxd4 5.Nxd4 b5 6.Bd3 Ne7 7.O-O Nec6 8.Nb3 d6
9.f4 Be7 10.Be3 Nd7 11.Qd2 O-O 12.a4 b4 13.Ne2 Bb7 14.Ned4 Nxd4 15.Bxd4 a5
16.Qe2 e5  1/2-1/2

[Event "BUL-ch"]
[Site "Pernik"]
[Date "1983.??.??"]
[Round "12"]
[White "Zahariev, Zahari"]
[Black "Velikov, Petar"]
[Result "1-0"]
[WhiteElo "2260"]
[BlackElo "2460"]

1.e4 c5 2.Nf3 e6 3.Nc3 a6 4.d4 cxd4 5.Nxd4 b5 6.Bd3 Ne7 7.Be3 Nbc6 8.Nb3 Ng6
9.Qe2 Qc7 10.O-O-O Nf4 11.Bxf4 Qxf4+ 12.Kb1 Ne5 13.g3 Qf3 14.Qxf3 Nxf3 15.Be2 Ne5
16.f4 Ng6 17.Bf3 d6 18.h4 h5 19.a4 Rb8 20.axb5 axb5 21.Nd4 Bd7 22.Na2 Ne7
23.Nb4 Nc8 24.c3 Nb6 25.Rhe1 g6 26.Be2 Na4 27.Nbc6 Rb6 28.Bxb5 Rxb5 29.Nxb5 Bxc6
30.Nxd6+ Ke7 31.Nc8+ Ke8 32.Nd6+ Ke7 33.e5 Bg7 34.Kc2 Rb8 35.b4 f6 36.b5 Bd7
37.c4 fxe5 38.fxe5 Nb6 39.c5 Nd5 40.Rb1 Rf8 41.b6 Bh6 42.b7 Rb8 43.Kd3 Bg7
44.Kd4 Kd8 45.Rf1 Ne7 46.Rf7 Nc6+ 47.Ke4 Bxe5 48.Rf8+ Kc7 49.Nb5+  1-0

[Event "Prague"]
[Site "Prague"]
[Date "1983.??.??"]
[Round "10"]
[White "Prandstetter, Eduard"]
[Black "Adamski, Jan"]
[Result "1/2-1/2"]
[WhiteElo "2430"]
[BlackElo "2425"]

1.e4 c5 2.Nf3 e6 3.d4 cxd4 4.Nxd4 a6 5.Nc3 d6 6.Be2 Nf6 7.O-O Be7 8.f4 O-O
9.Kh1 Qc7 10.Qe1 Nc6 11.Be3 Nxd4 12.Bxd4 b5 13.a3 Bb7 14.Qg3 g6 15.f5 e5
16.Be3 d5 17.exd5 Nxd5 18.Nxd5 Bxd5 19.Bf3 Bxf3 20.Rxf3 Rfe8 21.Qh3 Qc4 22.Raf1 Rad8
23.b3 Qd5 24.Qh6 Bf8 25.Qh4 e4 26.Rh3 h5 27.Rg3 Kh7 28.Qg5 Rd6 29.Bf4 Qxf5
30.Qxf5 gxf5 31.Bxd6 Bxd6 32.Rg5 f4 33.Rxh5+ Kg6 34.Rd5 Bxa3 35.Rxf4 e3 36.Rg4+ Kf6
37.Rf4+ Kg6 38.Rg4+ Kf6 39.Rf4+ Kg6  1/2-1/2

[Event "Kamen Piskov mem 3"]
[Site "Ruse"]
[Date "1983.??.??"]
[Round "12"]
[White "Bitman, Alexander R"]
[Black "Szilagyi, Peter"]
[Result "1/2-1/2"]
[WhiteElo "2370"]
[BlackElo "2405"]

1.e4 c5 2.Nc3 e6 3.Nf3 a6 4.d4 cxd4 5.Nxd4 Qc7 6.g3 Nc6 7.Bg2 d6 8.O-O Bd7
9.Nb3 Nf6 10.Qe2 Be7 11.Be3 Ne5 12.Rad1 Nc4 13.Bc1 Rc8 14.f4 b5 15.a3 a5
16.Rd3  1/2-1/2

[Event "SWE-ch"]
[Site "?"]
[Date "1983.??.??"]
[Round "?"]
[White "Olsson, Ake"]
[Black "Unander, Matts"]
[Result "1/2-1/2"]
[WhiteElo "2200"]
[BlackElo "2200"]

1.e4 c5 2.Nf3 e6 3.d4 cxd4 4.Nxd4 a6 5.Nc3 Qc7 6.a3 Nc6 7.Be3 Nf6 8.Be2 b5
9.Nxc6 dxc6 10.f4 Bb7 11.Bf3 c5 12.Qe2 Be7 13.e5 Nd7 14.O-O O-O 15.Rad1 Nb6
16.Ne4 Rad8 17.Qf2 Nc4 18.Bc1 Rxd1 19.Rxd1 Rd8 20.Qe2 Bc6 21.b3 Nb6 22.Rxd8+ Bxd8
23.c4 Be7 24.Be3 bxc4 25.bxc4 Ba4 26.Qd3 Nd7 27.h3 Qb6 28.Nc3 Bc6 29.Bxc6 Qxc6
30.Ne4 h6 31.Kh2 Nb6 32.Nc3 Nd7 33.Kg3 Nb6 34.Kf2 h5 35.Ne4 Bh4+ 36.g3 Be7
37.Ke2 Na4 38.Bf2 Qxe4+ 39.Qxe4 Nc3+ 40.Kf3 Nxe4 41.Kxe4 Kf8 42.f5 Ke8  1/2-1/2

[Event "DEN-ch"]
[Site "Tarnby"]
[Date "1983.??.??"]
[Round "5"]
[White "Hansen, Curt"]
[Black "Fries Nielsen, Jens Ove"]
[Result "1-0"]
[WhiteElo "2450"]
[BlackElo "2440"]

1.e4 c5 2.Nf3 e6 3.Nc3 a6 4.d4 cxd4 5.Nxd4 Nc6 6.g3 Nge7 7.Nb3 d6 8.Bg2 Bd7
9.O-O Nc8 10.a4 Be7 11.Be3 O-O 12.a5 Qe8 13.Nd2 Bf6 14.Nc4 Ne5 15.Nxe5 Bxe5
16.Bd4 Bxd4 17.Qxd4 Bc6 18.Rfd1 f5 19.exf5 Bxg2 20.Kxg2 Rxf5 21.Re1 Qd7 22.Qe4 Rf6
23.Qa4 Qf7 24.Ne4 Rf5 25.f4 h6 26.Rad1 Qe7 27.b4 Rf8 28.Qb3 Kh8 29.Qd3 Qc7
30.Re2 b6 31.Nxd6 bxa5 32.bxa5 Nxd6 33.Qxd6 Qxa5 34.Qxe6 Qb5 35.c4 Qa4 36.Rd7 Rac8
37.Qg4 Qc6+ 38.Kh3 Qf6 39.Ree7 Qf5 40.Rxg7 Qxg4+ 41.Kxg4 Rxc4 42.Rh7+ Kg8
43.Rdg7+  1-0

[Event "Tbilisi"]
[Site "Tbilisi"]
[Date "1983.??.??"]
[Round "?"]
[White "Mnatsakanian, Eduard A"]
[Black "Adamski, Jan"]
[Result "1/2-1/2"]
[WhiteElo "2435"]
[BlackElo "2450"]

1.e4 c5 2.Nf3 e6 3.d4 cxd4 4.Nxd4 a6 5.Nc3 d6 6.g3 Nf6 7.Bg2 Be7 8.O-O Qc7
9.Re1 O-O 10.Qe2 Nc6 11.Nxc6 bxc6 12.e5 dxe5 13.Qxe5 Bd6 14.Qe2 Bb7 15.Bg5 Be7
16.Bf4 Qc8 17.Na4 Nd7 18.Rad1 c5 19.Bxb7 Qxb7 20.Bd6 Rfe8 21.Qe4 Qxe4 22.Rxe4 Kf8
23.Re3 Ra7 24.Rb3 Rd8 25.Bxc5 Rc7 26.Rc3 Bxc5 27.Nxc5 Ke7 28.Ne4 Rxc3 29.Nxc3 Rc8
30.Kf1 Ne5 31.Ke2 g5 32.h3 f5 33.Rd4 h5 34.Ra4 Nc4 35.Rxa6 Nxb2 36.Kd2 Nc4+
37.Kc1 Ne5 38.Nd1 Nd3+ 39.Kd2 Nb4 40.Ra7+ Kf6 41.c3 Nc6 42.Ra4 Ne5 43.Ke2 Ng6
44.Rb4 h4 45.a4 hxg3 46.fxg3 Ra8 47.c4 Ne5 48.Ne3 Ra6  1/2-1/2

[Event "Tbilisi"]
[Site "Tbilisi"]
[Date "1983.??.??"]
[Round "?"]
[White "Mnatsakanian, Eduard A"]
[Black "Karner, Hillar"]
[Result "1-0"]
[WhiteElo "2435"]
[BlackElo "2415"]

1.e4 c5 2.Nf3 e6 3.d4 cxd4 4.Nxd4 a6 5.Nc3 d6 6.g3 Nf6 7.Bg2 Be7 8.O-O O-O
9.Re1 Qc7 10.Qe2 Rd8 11.Be3 Bd7 12.a4 Nc6 13.Nxc6 Bxc6 14.a5 Rd7 15.Bb6 Qb8
16.Red1 Qe8 17.Rd3 Bd8 18.Bd4 Qe7 19.b4 Bc7 20.Rad1 Rdd8 21.f4 Nd7 22.Bf2 Rab8
23.Bb6 Bxb6+ 24.axb6 Nf8 25.Qd2 f6 26.Rxd6 Rxd6 27.Qxd6 Qxd6 28.Rxd6 Kf7
29.Ne2 Ke7 30.Rd1 Nd7 31.Nd4 e5 32.Nf5+ Kf8 33.fxe5 fxe5 34.Rf1 g6 35.Ne3+ Kg7
36.c4 Nxb6 37.c5 Na4 38.Nd5 a5 39.Rb1 axb4 40.Nxb4 Rf8 41.Nd3 Nc3 42.Re1 Re8
43.Re3 Na4 44.Re1 Bb5 45.Ra1 Kf6 46.Rf1+ Ke7 47.Ra1 Kd7 48.Nb4 Rf8 49.Rc1 Kc7
50.Nd5+ Kb8 51.Nb6 Nxb6 52.cxb6 Rf6 53.Rb1 Ba6 54.Bh3 Bd3 55.Rd1 Rf3 56.Bg4  1-0

[Event "Tbilisi"]
[Site "Tbilisi"]
[Date "1983.??.??"]
[Round "?"]
[White "Velickovic, Sasa"]
[Black "Murshed, Niaz"]
[Result "1/2-1/2"]
[WhiteElo "2400"]
[BlackElo "2405"]

1.e4 c5 2.Nf3 e6 3.Nc3 a6 4.d4 cxd4 5.Nxd4 Qc7 6.g3 Bb4 7.Ne2 Nf6 8.Bg2 Be7
9.O-O Nc6 10.a4 d6 11.h3 Bd7 12.b3 Rd8 13.Ba3 O-O 14.Qd2 d5 15.Bxe7 Nxe7
16.exd5 Nexd5  1/2-1/2

[Event "Tbilisi"]
[Site "Tbilisi"]
[Date "1983.??.??"]
[Round "?"]
[White "Gavrikov, Viktor"]
[Black "Adamski, Jan"]
[Result "1/2-1/2"]
[WhiteElo "2485"]
[BlackElo "2450"]

1.e4 c5 2.Nf3 e6 3.d4 cxd4 4.Nxd4 a6 5.Nc3 d6 6.a4 b6 7.f4 Nf6 8.Be2 Bb7
9.Bf3 Qc7 10.Qe2 Be7 11.g4 Nc6 12.Nb3 d5 13.exd5  1/2-1/2

[Event "Vrnjacka Banja"]
[Site "Vrnjacka Banja"]
[Date "1983.??.??"]
[Round "11"]
[White "Barlov, Dragan"]
[Black "Abramovic, Bosko"]
[Result "0-1"]
[WhiteElo "2435"]
[BlackElo "2475"]

1.e4 c5 2.Nc3 e6 3.Nf3 a6 4.d4 cxd4 5.Nxd4 Nc6 6.Be2 Qc7 7.O-O Nf6 8.Be3 Bb4
9.Bd3 Nxd4 10.Bxd4 e5 11.Be3 Bxc3 12.bxc3 Qxc3 13.Bd2 Qc7 14.f4 d5 15.Qe1 O-O
16.fxe5 Nxe4 17.Bxe4 dxe4 18.Qxe4 Re8 19.Bf4 f5 20.Qe3 Be6 21.c3 Rac8 22.Rac1 Qf7
23.a3 Rc4 24.Rcd1 h6 25.Rd4 Rxd4 26.cxd4 g5 27.Qg3 Kh8 28.Bd2 f4 29.Qc3 Rc8
30.Qb2 Bd5 31.Rc1 Rxc1+ 32.Qxc1 Bc6 33.Qf1 Qa2 34.Qe1 Qd5 35.Qf2 Kg8 36.h4 Kf7
37.Kh2 Qe4 38.Be1 Ke6 39.Bd2 Kf5 40.hxg5 hxg5  0-1

[Event "ARM-chJ+"]
[Site "Yerevan"]
[Date "1983.??.??"]
[Round "3"]
[White "Grigorian, S."]
[Black "Gedevanishvili, Dmitry"]
[Result "1-0"]
[WhiteElo "2200"]
[BlackElo "2375"]

1.e4 c5 2.Nf3 e6 3.d4 cxd4 4.Nxd4 a6 5.Nc3 b5 6.a3 Bb7 7.Bd3 Ne7 8.Bg5 h6
9.Qh5 Qc8 10.Nb3 Ng6 11.Be3 Bd6 12.O-O Be5 13.f4 Bxc3 14.bxc3 Nc6 15.Bc5 e5
16.fxe5 Ncxe5 17.a4 Qc6 18.axb5 axb5 19.Rad1 Rd8 20.Bb4 Ba6 21.Nd4 Qb6 22.Kh1 d6
23.Ra1 Nxd3 24.cxd3 Rd7 25.Ne6 Rg8 26.Rxf7 Rxf7 27.Qxg6 Ke7 28.e5 Qf2 29.Bxd6+ Ke8
30.Bc5 Qf5 31.Nc7+ Kd8 32.Qxa6  1-0

[Event "Bayamo"]
[Site "Bayamo"]
[Date "1984.??.??"]
[Round "?"]
[White "Braga, Fernando"]
[Black "Lebredo, Gerardo"]
[Result "1/2-1/2"]
[WhiteElo "2410"]
[BlackElo "2375"]

1.e4 e6 2.Nc3 c5 3.Nf3 a6 4.d4 cxd4 5.Nxd4 Qc7 6.Be2 b5 7.O-O Bb7 8.Bf3 Nc6
9.Nxc6 dxc6 10.Qe2 Bd6 11.Kh1 Ne7 12.a4 O-O 13.g3 b4 14.Nb1 a5 15.Nd2 Ba6
16.Nc4 Be5 17.Re1 c5 18.Qf1 Nc6 19.Bd1 Rfd8 20.f4 Bf6 21.Rb1 Rab8 22.h4 Nd4
23.b3 Nc6 24.Be2 Bc3 25.Rd1 Rxd1 26.Qxd1 Rd8 27.Bd3 f5 28.exf5 exf5 29.Bd2 Bxd2
30.Qxd2 Nd4 31.Qf2 Nc6  1/2-1/2

[Event "Alfoldi mem (Women)"]
[Site "Budapest"]
[Date "1984.??.??"]
[Round "?"]
[White "Ghinda, Eugenia"]
[Black "Kurucsai, Istvanne"]
[Result "1-0"]
[WhiteElo "2060"]
[BlackElo "2070"]

1.e4 c5 2.Nf3 e6 3.d4 cxd4 4.Nxd4 a6 5.Nc3 Qc7 6.Be2 Nf6 7.O-O Bb4 8.Qd3 d5
9.exd5 Bxc3 10.d6 Qxd6 11.Qxc3 O-O 12.Rd1 Nd5 13.Qf3 Nc6 14.Nxc6 Qxc6 15.c4 Ne7
16.Qc3 Ng6 17.b3 e5 18.Ba3 Re8 19.Rd6 Nf4 20.Bf1 Qe4 21.Re1 Qf5 22.Rxe5  1-0

[Event "DDR-ch 33th"]
[Site "Eilenburg"]
[Date "1984.??.??"]
[Round "8"]
[White "Pfretzschner, Roland"]
[Black "Gruenberg, Hans Ulrich"]
[Result "0-1"]
[WhiteElo "2200"]
[BlackElo "2440"]

1.e4 c5 2.Nf3 e6 3.Nc3 a6 4.d4 cxd4 5.Nxd4 d6 6.g3 Nc6 7.Bg2 Nge7 8.Nb3 Bd7
9.O-O Nc8 10.f4 Be7 11.Be3 O-O 12.Qh5 Nb6 13.Rae1 Nc4 14.Bc1 Rc8 15.g4 g6
16.Qh6 Bf6 17.g5 Bg7 18.Qh4 Nb4 19.Re2 Nxb2 20.Bxb2 Bxc3 21.Bxc3 Rxc3 22.Qh6 Rxc2
23.Rxc2 Nxc2 24.e5 Ne3 25.Nd2 Qb6 26.Rb1 Qd4  0-1